Welcome to the Holygrace Academy Library

Please use search bar below to get started

VYASA (Record no. 6274)

MARC details
000 -LEADER
fixed length control field 00288nam a22001337a 4500
082 ## - DEWEY DECIMAL CLASSIFICATION NUMBER
Classification number 920
Item number RAM/V
100 ## - MAIN ENTRY--AUTHOR NAME
Personal name RAMESH,B.G
245 ## - TITLE STATEMENT
Title VYASA
250 ## - EDITION STATEMENT
Edition statement FIRST
260 ## - PUBLICATION, DISTRIBUTION, ETC. (IMPRINT)
Place of publication BANGALORE
Name of publisher SBS PUBLISHERS DISTRIBUTORS
Year of publication 2003
300 ## - PHYSICAL DESCRIPTION
Number of Pages 46
650 ## - SUBJECT ADDED ENTRY--TOPICAL TERM
Topical Term BIOGRAPHY
Geographic subdivision BANGALORE
942 ## - ADDED ENTRY ELEMENTS (KOHA)
Koha item type Books
Holdings
Withdrawn status Lost status Collection code Home library Current library Shelving location Date acquired Source of acquisition Full call number Accession Number Koha item type
    Reference Main Library Main Library SHELF-17-K-BIOGRAPHIES & AUTOBIOGRAPHIES 18/05/2017 PURCHASE 920 RAM/V 07847 Books
    Reference Main Library Main Library SHELF-17-K-BIOGRAPHIES & AUTOBIOGRAPHIES 18/04/2006 PURCHASE 920 RAM/V 01124 Books